000 00678nam a2200229Ia 4500
003 OSt
005 20230509135447.0
008 210423s2013 xx 000 0 und d
020 _a0-19-563576-0
040 _cAL
041 _aeng
082 _a809.8 AHMI
100 _aAHMAD (Aijaz)
_9100860
245 _aIn theory
260 _aNew Delhi
_bOxford University Press
_c2013
300 _a358p
_bPB
365 _b425
_cINR
650 _aHistory of Literature
_9100861
650 _aLiterature
_9100862
906 _amarx ; metropolitan ; migrancy ; national allegory ; orientalism ; postmodern ; said ; shame ; theory ; third world literature ; women
942 _2ddc
_cBK
999 _c165645
_d165645